| 000 | 01542cad a22002415a 4500 | ||
|---|---|---|---|
| 001 | L159807 | ||
| 008 | 130205s2018 xxk f 000 0 eng d | ||
| 020 | _a9781783212194 | ||
| 035 | _a(Sirsi) u159807 | ||
| 041 | 0 | _aeng | |
| 110 | 2 |
_aRoyal Institution of Chartered Surveyors _94900 |
|
| 245 | 0 | 0 |
_aRisk, liability and insurance in valuation work _h[electronic resource] _c[archived] |
| 250 | _a2nd | ||
| 260 |
_aLondon _bRICS _c2018 |
||
| 520 | _aProvides guidance for chartered surveyors carrying out valuations both residential and commercial for secured lending purposes. Highlights key risks and liabilities and the impact on Professional Indemnity Insurance (PII) claims and costs. Looks at liability caps and the RICS position on valuers liabilities to third parties. It is intended to assist both members and their clients in understanding the main risks and liabilities associated with valuation. | ||
| 520 | _aSupersedes 1st edition. | ||
| 520 | _aEffective from January 2018 to April 2021. This document was republished with a similar title as a first edition guidance note in April 2021. Title: Risk, liability and insurance. It was reissued in October 2022 as practice information. See ISBN ISBN I9781783214167 | ||
| 651 | 4 | _aInternational | |
| 690 |
_aValuation _96273 |
||
| 690 |
_aInsurance _96249 |
||
| 856 | 4 | 0 |
_uhttps://www.isurv.com/downloads/file/7533/archive_risk_liability_and_insurance_in_valuation_work_effective_from_january_2018_to_april_2021 _zArchived on isurv (subscription required) |
| 942 |
_n0 _2ddc |
||
| 999 |
_c116118 _d116118 |
||